Introducción al estudio de los enzimas

Kaydedildi:
Detaylı Bibliyografya
Yazar: Gutfreund, H (Yazar)
Materyal Türü: Kitap
Dil:İspanyolca
Baskı/Yayın Bilgisi: Barcelona Omega 1968
Konular:
Etiketler: Etiketle
Etiket eklenmemiş, İlk siz ekleyin!

MARC

LEADER 00000nam a2200000 a 4500
001 UCR5321
003 CL-VaPUC
008 980327e19680000SP |||||||||||||||||spa|d
082 0 4 |a 572.7  |b GUT  |2 21 
100 |a Gutfreund, H  |e author  |9 406094 
245 1 0 |a Introducción al estudio de los enzimas 
300 |a 376 p 
942 |c BK 
945 |d 19980327 00:00:00  |a crobeson 
260 |a Barcelona  |b Omega  |c 1968 
650 7 |a ENZIMOLOGIA  |2 CL-VaPUC  |9 263051 
650 0 |a Enzimas  |9 262984 
650 0 |a Bioquímica   |9 259492 
650 7 |a FENOMENOS BIOQUIMICOS  |2 CL-VaPUC  |9 360969 
583 |a last modification  |c 19980327 00:00:00  |k Rodrigo Vera 
999 |c 267936  |d 267934 
952 |0 0  |1 0  |4 0  |6 572_700000000000000_GUT_1968  |7 0  |8 A  |9 300771  |a BIBALI  |b BIBALI  |c GEN  |d 2019-11-20  |i 1973134  |o 572.7 GUT 1968  |p 1973134  |r 2025-01-20  |w 2019-11-20  |y BK  |k ALI 
952 |0 0  |1 0  |4 0  |6 572_700000000000000_GUT_1968  |7 0  |8 A  |9 300772  |a BIBCUR  |b BIBCUR  |d 2019-11-20  |i 4706447  |l 2  |o 572.7 GUT 1968  |p 4706447  |r 2025-04-22  |s 2025-03-24  |w 2019-11-20  |y BK  |k QUI